Szász Jánost köszöntő sorok
Elmentve itt :
| Szerző: | |
|---|---|
| Adatforrás: | Meister |
| Forrásdokumentuma: | A Hét. - 11 sz., 1999, 8 p. |
| Nyelv: | magyar |
| Kulcsszavak: | irodalmi publicisztika SZáSZ János |
| LEADER | 00355nab a2200133 i 4500 | ||
|---|---|---|---|
| 001 | bibPRO00007019 | ||
| 008 | 060524s1999 xx hun | ||
| 040 | |a Sz1 | ||
| 041 | |a hun | ||
| 100 | 1 | |a FODOR Sándor | |
| 245 | 1 | 0 | |a Szász Jánost köszöntő sorok |c FODOR Sándor |
| 695 | |a irodalmi publicisztika | ||
| 695 | |a SZáSZ János | ||
| 773 | 0 | |t A Hét. - |g 11 sz., 1999, 8 p. | |